Normal view MARC view

Entry Nombre geográfico

Number of records used in: 4

001 - NÚMERO DE CONTROL

  • campo de control: 34279

003 - IDENTIFICADOR DEL NÚMERO DE CONTROL

  • campo de control: FranzMayer

005 - FECHA Y HORA DE LA ÚLTIMA TRANSACCIÓN

  • campo de control: 20260530113917.0

008 - DATOS DE LONGITUD FIJA

  • campo de control de longitud fija: 260530|| aca||aabn | a|a d

040 ## - FUENTE DE LA CATALOGACIÓN

  • Centro catalogador/agencia de origen: FranzMayer
  • Centro/agencia transcriptor: FranzMayer

151 ## - ENCABEZAMIENTO--NOMBRE GEOGRÁFICO

  • Nombre geográfico: Uchire (Venezuela)
  • Subdivisión general: Vida cultural

670 ## - FUENTE DE DATOS ENCONTRADOS

  • Cita de la fuente: Work cat.: (FranzMayer)12340: Mata, Chicho. autor 34273, Chicho Mata :, 1996.